00655nam a22001817a 450000500170000001000360001702000330005303500130008603700250009908200080012410000260013224501440015825000200030226000300032227000860035230000190043870000160045720240912163739.0 aB-760276 RP c350.00a9788190817530 Vol. 1 aB-760276 bAkshresh Enterprises a000 aBarnwal, Kumar Mahesh aGeneral Studies One Liner :bPolity /Geography/ Environment/ History (The Gist of Ncert) VI to XII /cby Mahesh Kumar Barnwal, Kunal Verma  aNCERT Series 15 aDelhibCosmos Publication bDelhiaB-3, 37-38-39, Ansal Building, Comm. Complex Dr. Mukherjee Nagar, e110009 aVp.c28cm(pbk) aVerma Kunal